| 000 | 00000cam 2200000zi 4500 |
| 001 | 9.957530 |
| 003 | CaOODSP |
| 005 | 20260603104637 |
| 006 | m o d f |
| 007 | cr cn||||||||| |
| 008 | 251121e202511##onc o f000 0 eng d |
| 020 | |a9780660798479 |
| 040 | |aCaOODSP|beng|erda|cCaOODSP |
| 043 | |an-cn--- |
| 086 | 1 |aT94-108/2025E-PDF |
| 245 | 00|aBuild Canada Homes investment policy framework. |
| 246 | 17|aInvestment policy framework — November 2025 |
| 264 | 1|aOttawa, Ontario : |bGovernment of Canada = Gouvernement du Canada, |cNovember 2025. |
| 264 | 4|c©2025 |
| 300 | |a1 online resource (12 pages) |
| 336 | |atext|btxt|2rdacontent |
| 337 | |acomputer|bc|2rdamedia |
| 338 | |aonline resource|bcr|2rdacarrier |
| 500 | |aIssued also in French under title: Maisons Canada cadre de politique d'investissement. |
| 500 | |a"Revised." |
| 500 | |a"Last updated: November 27, 2025." |
| 650 | 0|aHousing policy|zCanada. |
| 650 | 5|aHousing|zCanada|xFinance. |
| 710 | 1 |aCanada. |bHousing, Infrastructure and Communities Canada, |eissuing body. |
| 775 | 08|tMaisons Canada cadre de politique d'investissement de Maisons Canada.|w(CaOODSP)9.957531 |
| 856 | 40|qPDF|s315 KB|uhttps://publications.gc.ca/collections/collection_2026/licc-hicc/T94-108-2025-eng.pdf |
| 856 | 4 |qHTML|sN/A|uhttps://housing-infrastructure.canada.ca/bch-mc/policy-framework-invest-cadre-strategique-eng.html |